000 00938nam a2200241Ia 4500
008 100315s9999 xx 000 0 und d
020 _a0-19-876496-0 
040 _cENGLISH 
082 _b7112 
_a346 
100 _a"Susskind, Richard "
245 _aThe Future of Law : Facing the Challenges of Information Technology
260 _aOXFORD 
_bClarendon Press  
_c1998 
300 _a"lxvii, 309p  "
365 _eRupees 
_d
_b815.00 
366 _f
505 _gDBH 
530 _bDonated by RBI Library  
620 _a"Today's legal Paradigm, Advantage of IT , Law as Information, Technologies, Leading Applications, Practicalities, Critical success Factors, Law's Future "
630 _aThe Future of Law : Facing the Challenges of Information Technology
650 _aLaw - Information Technology 
730 _aThe Future of Law : Facing the Challenges of Information Technology
942 _cBOOK
999 _c481847
_d481844